Beste Champions League Torschützen Paris Saint-Germain - Statistiken

Allgemein
  • Dieses Quiz wurde 417 mal gespielt
    13 seit der letzten Aktualisierung
  • Das Durchschnittsergebnis liegt bei 15 aus 21
Antwortstatistiken
Saison Nationalität Tore Spieler % Korrekt
2017/18 Uruguay 7 Edinson Cavani
100%
2016/17 Uruguay 8 Edinson Cavani
100%
2014/15 Uruguay 6 Edinson Cavani
100%
1994/95 Liberia 7 George Weah
100%
2023/24 Frankreich 8 Kylian Mbappé
100%
2022/23 Frankreich 7 Kylian Mbappé
100%
2021/22 Frankreich 6 Kylian Mbappé
100%
2020/21 Frankreich 8 Kylian Mbappé
100%
2019/20 Frankreich 5 Kylian Mbappé
100%
2024/25 Frankreich 8 Ousmane Dembélé
100%
2015/16 Schweden 5 Zlatan Ibrahimović
100%
2013/14 Schweden 10 Zlatan Ibrahimović
100%
2018/19 Brasilien 5 Neymar
92%
2025/26 Georgien 10 Khvicha Kvaratskhelia
75%
2012/13 Argentinien 5 Ezequiel Lavezzi
58%
2004/05 Portugal 1 Pauleta
25%
2000/01 Frankreich 5 Nicolas Anelka
8%
2004/05 Frankreich 1 Charles-Edouard Coridon
0%
2000/01 Brasilien 5 Christian
0%
2004/05 Frankreich 1 Fabrice Pancrate
0%
1997/98 Italien 3 Marco Simone
0%
Keine übereinstimmenden Quizze gefunden
Verteilung der Resultate
Anzahl Personen mit jedem Resultat
Perzentil nach korrekt beantworteten Fragen
Ihre Resultats-Entwicklung
Sie haben dieses Quiz seit der letzten Aktualisierung nicht gespielt